| 000 | 01129cab a2200265 4500 | ||
|---|---|---|---|
| 001 | ABS45977 | ||
| 008 | 090401t1992 xxu||||| |||| 00| 0 eng d | ||
| 035 | _a(Sirsi) u56150 | ||
| 041 | _aeng | ||
| 100 | _aBrandon, P. | ||
| 245 | _aChartered surveyors - representing a unified profession of land, property and construction | ||
| 260 | _c1992 | ||
| 350 | _a0 | ||
| 490 |
_aCSM (Chartered Surveyor Monthly) _v1(5) February 1992, 6-7(2) |
||
| 520 | _aDiscusses the future role of the surveying profession and the RICS in the light of the Lay Report and puts forward the concept of abandoning the divisional structure and organising instead on the basis of core areas of professional activity instead, such as mapping, investment, design, acquisitions and disposals, portfolio, facilities, financial and procurement. | ||
| 650 | _aABOUT RICS-RICS MEMBERS | ||
| 650 | _aCOMMONALITY | ||
| 650 | _aFUTURE OF THE PROFESSION | ||
| 650 | _aLAY COMMITTEE REPORT | ||
| 650 | _aPROFESSIONS | ||
| 690 | _aMANAGEMENT-BUSINESS MANAGEMENT-PROFESSIONAL PRACTICE | ||
| 700 | _aMcDonagh, N. | ||
| 942 | _n0 | ||
| 948 | _c04/03/1997 | ||
| 999 |
_c34255 _d34255 |
||